000 00374nam a22001697a 4500
003 SGT
020 _a9789356966635
082 _a616.0757
_bX25S
100 _aSINGH, HARIQBAL
245 _aTB. OF X-RAY TECHNICIAMS
250 _a1ST
260 _aINDIA
_bJAYPEE PUB
_c2025
300 _a220
650 _aRADIOLOGY
653 _a X-RAY TECHNICIAMS
942 _2ddc
_cBK
999 _c33414
_d33414